00504cam a22001451 450008200160000024500580001626000380007430000240011249000980013650000620023465000170029665000110031365000130032470000210033700a574.192 RAP10aRapid mixing and sampling techniques in biochemistry; aNew York,bAcademic Press,c1964. axii, 400 p.billus.1 a[Pennsylvania. University. Eldridge Reeves Johnson Foundation for Medical Physics. Colloquia] a"A symposium of the International Union of Biochemistry." 0aBiochemistry 0aMixing 0aSampling1 aChance, Britton,